00673nam a2200193Ia 4500008004100000020001800041082001700059100001800076245006400094250000800158260002800166300000900194500002400203650001600227942000700243952010600250952010600356999001700462230524s9999 xx 000 0 und d a9788120307131 a621.387bRAM aS.Ramabhadran 0aTelecommunication Principles Circuits Systems & Experiments a6TH aNEW DELHIbKhannac2005 a1410 aQuantity Number: 2 aElectronics cBK 00104070aTATCLbTATCLcGENd2023-05-24l0o621.387 RAMp6236r2023-05-24w2023-05-24yBKzCPEC5308 00104070aTATCLbTATCLcGENd2023-05-24l0o621.387 RAMp6237r2023-05-24w2023-05-24yBKzCPEC5308 c24684d24684